El trabajo en la tierra baldía : la participación popular y la formación en la investigación y la acción social /

Uloženo v:
Podrobná bibliografie
Korporativní autor: Seminario Praxis-ITESO-UCI ( ITESO)
Další autoři: Almeida Acosta, Francisco Humberto Eduardo (compilación) (compilación), Sánchez, Javier (compilación) (compilación)
Médium: Konferenční příspěvek Kniha
Témata:
Tagy: Přidat tag
Žádné tagy, Buďte první, kdo vytvoří štítek k tomuto záznamu!

MARC

LEADER 00000nam^a2200000^a^4500
001 000224363
005 20250521000000.0
009 20260310104048.244
035 |a 042206 
037 |a Acervo Xavier Clavigero 
082 |a 334. 0972  |b SEM 
111 |a Seminario Praxis-ITESO-UCI (  |d 1985 :  |c ITESO) 
245 1 3 |a El trabajo en la tierra baldía :  |b la participación popular y la formación en la investigación y la acción social / 
264 |a Guadalajara, México :  |b PRADE-PRAXIS,  |c 1985 
300 |a 362p. 
336 |a texto  |b txt  |2 rdacontenido 
337 |a sin mediación  |b n  |2 rdamedio 
338 |a volumen  |b nc  |2 rdasoporte 
649 |a XX 
650 |a Cooperativas -  |z México 
650 |a Campesinos -  |z México 
650 |a México -  |x Condiciones Económicas 
650 |a Agricultura -  |x Aspectos Económicos 
700 |a Almeida Acosta, Francisco Humberto Eduardo  |e (compilación) 
700 |a Sánchez, Javier  |e (compilación) 
910 |a Fondo General 
920 |a Impresos - Libros 
930 |a Colección General 
905 |a 101 
901 |a 042206  |b IT1  |c ACC  |i 042206  |u 20250521 
902 |a https://opac.biblio.iteso.mx/vufind/Record/000224363